000 00296nam a2200133Ia 4500
008 230818s1997 xx 000 0 und d
041 _aeng
100 _aHugo
245 _aFrench
260 _bHugo`s Books pub.
_c1997
300 _a256p
520 _aGeneral | Hard Board
999 _c854530
_d854530
650 _aFrench